10 nördlichste US-Staaten - Statistiken

Allgemein
  • Dieses Quiz wurde 359 mal gespielt
    352 seit der letzten Aktualisierung
  • Das Durchschnittsergebnis liegt bei 8 aus 10
Antwortstatistiken
Latitude State % Korrekt
49.0 °N Washington
96%
49.0 °N Norddakota | North Dakota
87%
71.4 °N Alaska
85%
49.0 °N Montana
83%
47.5 °N Maine
82%
48.2 °N Michigan
80%
49.0 °N Idaho
73%
49.4 °N Minnesota
72%
47.3 °N Wisconsin
66%
46.3 °N Oregon
62%
Keine übereinstimmenden Quizze gefunden
Verteilung der Resultate
Anzahl Personen mit jedem Resultat
Perzentil nach korrekt beantworteten Fragen
Ihre Resultats-Entwicklung
Sie haben dieses Quiz seit der letzten Aktualisierung nicht gespielt